[Event "Campalto CIS 54th Promoz Veneto G1"]
[Site "Campalto"]
[Date "2023.05.20"]
[Round "2.2"]
[White "Piazzetta, Mattia"]
[Black "Mamone, Elena Maria"]
[Result "0-1"]
[WhiteElo "1566"]
[BlackElo "1451"]
[PlyCount "74"]
[EventDate "2023.05.20"]
[EventType "team-tourn"]
[EventRounds "3"]
[EventCountry "ITA"]
[SourceTitle "EXT 2024"]
[Source "ChessBase"]
[SourceDate "2023.10.10"]
[SourceVersion "1"]
[SourceVersionDate "2023.10.10"]
[SourceQuality "1"]
[WhiteTeam "Bellunese"]
[BlackTeam "Mestre Piccoli Del Capablanca"]
[WhiteTeamCountry "ITA"]
[BlackTeamCountry "ITA"]

1. d4 d5 2. c4 c6 3. e3 Nf6 4. Nc3 Nbd7 5. cxd5 cxd5 6. Bd3 e6 7. a3 Bd6 8. Nf3 0-0 9. 0-0 Nb6 10. b4 Bd7 11. b5 a6 12. Bd2 axb5 13. Bxb5 Rxa3 14. Bxd7 Rxa1 15. Qxa1 Qxd7 16. Rb1 Nc4 17. Qa2 Rc8 18. Qb3 Ne4 19. Be1 Na5 20. Qb2 Nxc3 21. Bxc3 Bc7 22. Ne5 Qe7 23. Bb4 Qd8 24. Bxa5 Bxa5 25. Qxb7 Rc7 26. Qb5 Qc8 27. Nd3 Ra7 28. g3 h6 29. Nc5 Kh7 30. h4 Bc7 31. Qd3+ g6 32. h5 Bd6 33. hxg6+ fxg6 34. Qb5 Rc7 35. Rc1 e5 36. Qb6 Rc6 37. Qb7+ Qxb7 0-1

[Event "Mogliano Veneto op-B 43th"]
[Site "Mogliano Veneto"]
[Date "2023.04.25"]
[Round "4"]
[White "Zanirato, Stefano"]
[Black "Mamone, Elena Maria"]
[Result "0-1"]
[WhiteElo "1732"]
[BlackElo "1370"]
[PlyCount "88"]
[EventDate "2023.04.23"]
[EventType "swiss"]
[EventRounds "5"]
[EventCountry "ITA"]
[SourceTitle "EXT 2024"]
[Source "ChessBase"]
[SourceDate "2023.10.10"]
[SourceVersion "1"]
[SourceVersionDate "2023.10.10"]
[SourceQuality "1"]

1. e4 e5 2. Nf3 Nc6 3. Bb5 a6 4. Bxc6 dxc6 5. h3 Bc5 6. 0-0 f6 7. d3 Ne7 8. Be3 Bd6 9. c4 b6 10. a3 a5 11. Nc3 Ng6 12. d4 0-0 13. c5 exd4 14. Nxd4 Bxc5 15. Nxc6 Qxd1 16. Rfxd1 Bxe3 17. fxe3 Bb7 18. Nd4 Rfe8 19. Ndb5 Re7 20. Rd4 Rae8 21. Rad1 Bxe4 22. Nxe4 Rxe4 23. Nxc7 Rxd4 24. exd4 Rd8 25. d5 Rd7 26. d6 Ne5 27. b3 Nc6 28. Nb5 Kf7 29. Rc1 Ne5 30. Rc8 Ke6 31. Rb8 Kd5 32. Rxb6 Kc5 33. Rb8 Nc6 34. Rh8 Kxb5 35. Rxh7 Kc5 36. Rh5+ Ne5 37. Rh4 Rxd6 38. b4+ axb4 39. Rxb4 Ra6 40. Rb7 g5 41. Rc7+ Kd4 42. Rc8 Rxa3 43. Rf8 Ra6 44. Kf2 Ke4 0-1

[Event "Mogliano Veneto op-B 43th"]
[Site "Mogliano Veneto"]
[Date "2023.04.23"]
[Round "1"]
[White "Trotti, Nicola"]
[Black "Mamone, Elena Maria"]
[Result "0-1"]
[WhiteElo "999"]
[BlackElo "1370"]
[PlyCount "112"]
[EventDate "2023.04.23"]
[EventType "swiss"]
[EventRounds "5"]
[EventCountry "ITA"]
[SourceTitle "EXT 2024"]
[Source "ChessBase"]
[SourceDate "2023.10.10"]
[SourceVersion "1"]
[SourceVersionDate "2023.10.10"]
[SourceQuality "1"]

1. d4 d5 2. c4 c6 3. Nc3 Nf6 4. Nf3 Bf5 5. Bg5 Nbd7 6. e3 h6 7. Bf4 e6 8. a3 a5 9. cxd5 exd5 10. Be2 Qb6 11. Na4 Qd8 12. Rc1 Be7 13. 0-0 0-0 14. Nc5 Nxc5 15. dxc5 a4 16. b4 axb3 17. Qxb3 Ra7 18. Nd4 Bg6 19. Qb6 Qxb6 20. cxb6 Rxa3 21. Nxc6 bxc6 22. Rxc6 Rb3 23. Ba6 Nd7 24. Rc7 Rxb6 25. Rxd7 Rxa6 26. Rxe7 Bd3 27. Rc1 Rfa8 28. h3 Bc4 29. Kh2 Ra2 30. Kg3 R8a6 31. e4 Rg6+ 32. Kf3 dxe4+ 33. Kxe4 f5+ 34. Kd4 Bb5 35. Bg3 Rd2+ 36. Kc3 Rd3+ 37. Kb4 Bc6 38. Rc5 Bxg2 39. Rxf5 Bxh3 40. Re8+ Kh7 41. Rff8 Rg4+ 42. Kc5 Rc3+ 43. Kd6 Rd4+ 44. Ke5 Rcd3 45. Rb8 Rd5+ 46. Ke4 Bg2+ 47. f3 Bxf3+ 48. Rxf3 R5d4+ 49. Ke5 Rxf3 50. Kxd4 Rxg3 51. Rb6 Rf3 52. Ke4 Rf6 53. Rb7 h5 54. Rb1 h4 55. Rh1 g5 56. Ke5 Rf7 0-1

[Event "Venice Province-ch 82nd"]
[Site "Mestre"]
[Date "2023.01.29"]
[Round "4.6"]
[White "Mamone, Elena Maria"]
[Black "Bozzao, Francesco"]
[Result "0-1"]
[WhiteElo "1384"]
[BlackElo "1832"]
[PlyCount "44"]
[EventDate "2023.01.27"]
[EventType "swiss"]
[EventRounds "5"]
[EventCountry "ITA"]
[SourceTitle "EXT 2024"]
[Source "ChessBase"]
[SourceDate "2023.10.10"]
[SourceVersion "1"]
[SourceVersionDate "2023.10.10"]
[SourceQuality "1"]

1. e4 c5 2. Nf3 d6 3. d4 cxd4 4. Nxd4 Nf6 5. Nc3 g6 6. Bc4 Bg7 7. 0-0 0-0 8. Be3 a6 9. a4 Nc6 10. Nde2 Qc7 11. Bb3 Na5 12. Nf4 Nxb3 13. cxb3 Be6 14. a5 Rac8 15. Bb6 Qc6 16. Re1 Bh6 17. Nfd5 Bxd5 18. exd5 Qd7 19. Qd4 Rfe8 20. Re2 Qg4 21. Rae1 Kf8 22. Ne4 Qxe2 0-1

[Event "Venice Province-ch 82nd"]
[Site "Mestre"]
[Date "2023.01.27"]
[Round "1.10"]
[White "Mamone, Elena Maria"]
[Black "Cedriano, Mattia"]
[Result "1-0"]
[WhiteElo "1384"]
[BlackElo "999"]
[PlyCount "91"]
[EventDate "2023.01.27"]
[EventType "swiss"]
[EventRounds "5"]
[EventCountry "ITA"]
[SourceTitle "EXT 2024"]
[Source "ChessBase"]
[SourceDate "2023.10.10"]
[SourceVersion "1"]
[SourceVersionDate "2023.10.10"]
[SourceQuality "1"]

1. e4 e6 2. d4 d5 3. e5 c5 4. c3 Nc6 5. Nf3 Qb6 6. Bd3 Bd7 7. Bc2 cxd4 8. cxd4 Nh6 9. 0-0 Nf5 10. Bxf5 exf5 11. Nc3 Be6 12. Ne2 Be7 13. Nf4 h6 14. Re1 Rc8 15. Re3 Nb4 16. Rb3 a5 17. a3 a4 18. Rc3 Rxc3 19. bxc3 Na6 20. Qxa4+ Bd7 21. Qc2 Bc6 22. Qxf5 Qb3 23. Bd2 Bxa3 24. Qc8+ Ke7 25. Qxh8 Bb2 26. Re1 Bxc3 27. Bxc3 Qxc3 28. Qxg7 Nb4 29. e6 Nc2 30. Qxf7+ Kd6 31. Qf8+ Kc7 32. Qe7+ Kb8 33. Qd6+ Ka8 34. Rc1 Qb2 35. Rf1 Bb5 36. Rd1 Ba4 37. Qd8+ Ka7 38. Qa5+ Kb8 39. Qxa4 b5 40. Qa5 b4 41. e7 Kb7 42. e8R Nxd4 43. Re7+ Kc6 44. Rc7+ Kd6 45. Qb6+ Nc6 46. Qxc6# 1-0